00974nam a22002655i 450000100060000000300090000600500170001500700030003200800410003502000180007604000220009408000110011610000350012724500900016226000400025230000210029249000510031350400320036465000380039670000430043483000590047785200330053699900170056995201220058610922ES-MaACL20230906150006.0t|921112s1992 sp ||||0| spa j a84-7738-155-0 aM-BN bspa cM-BN a658.211 aPrecedo Ledo, Andrés.99373013aLa localización industrial / cAndrés Precedo Ledo, Montserrat Villarino Pérez. aMadrid : bSíntesis, cD.L. 1992. a256 p ; c22 cm.1 aEspacios y sociedades. Serie general ; vn. 18 aBibliografía: p. 253-253.14aLocalización industrial.9146901 aVillarino Pérez, Montserrat.91151270 aEspacios y sociedades. Serie general ; vn. 189178867 aES-MaACLjL-18226 bR.121903 c10922d10922 00104070aATENEOMbATENEOMcDEPO2d2008-01-17eSCl0oL-18226p1011140r2023-02-23 00:00:00w2023-02-23yMONOGRAFIA